Paroles - Héléna - "Mauvais garçon" - Statistiques

Statistiques générales
  • Ce quiz a été pris 3 182 fois
  • Le résultat moyen est 297 sur 386
Statistiques - réponses
ANSWER % Correct
à
100%
m'
100%
garçon
99%
ma
99%
Mauvais
99%
mauvais
99%
d'
98%
j'
98%
J'
98%
je
97%
me
97%
Me
97%
Qu'
97%
qu'
97%
C'
95%
dit
95%
il
95%
Il
95%
moi
95%
que
94%
Que
94%
ai
93%
avec
93%
Avec
93%
l'
92%
L'
92%
Mais
92%
mais
92%
aime
91%
De
91%
de
91%
pas
91%
est
90%
suis
90%
belle
87%
ça
85%
Ça
85%
et
85%
Et
85%
reste
85%
comme
84%
rien
84%
le
82%
pourquoi
82%
Pourquoi
82%
rabaisse
82%
Dis
81%
dis
81%
Faut
81%
faut
81%
sers
80%
les
78%
tout
78%
Tout
78%
Un
73%
un
73%
changer
71%
chez
71%
en
71%
jamais
71%
amour
70%
être
70%
oiseau
70%
façon
69%
heureux
69%
Jusqu'
68%
son
68%
faute
67%
si
67%
veut
67%
boîte
66%
dénigre
66%
voudrait
66%
noms
65%
rire
65%
tous
65%
aille
64%
arrête
64%
aux
64%
eux
64%
libres
64%
une
64%
autres
63%
éclats
63%
donne
62%
oiseaux
62%
on
62%
On
62%
sont
62%
prison
61%
danse
60%
écoute
58%
voir
56%
parle
51%
rabâche
50%
pantin
49%
jour
46%
Ne
46%
Qui
46%
pire
45%
sur
45%
sortir
44%
deux
43%
fils
43%
mignon
43%
plus
43%
y
37%
lois
33%
connais
31%
tient
31%
fait
29%
apprends
27%
ses
27%
retrouvé
26%
cours
25%
bras
24%
joue
24%
marcher
24%
Loin
23%
attendait
22%
sais
22%
durs
21%
Maintenant
19%
éteindra
18%
ah
13%
mmh
12%
dire
8%
Aucun quiz correspondant
Distribution des résultats
% des personnes avec chaque résultat
Percentile par nombre de réponses
Votre historique - résultats
Vous n’avez pas pris ce quiz